书目信息 |
| 题名: |
概率论与数理统计学习指导书
|
|
| 作者: | 冯大光 , 吕振环 主编 | |
| 分册: | ||
| 出版信息: | 北京 农业出版社 2007.03 |
|
| 页数: | 159页 | |
| 开本: | 23cm | |
| 丛书名: | ||
| 单 册: | ||
| 中图分类: | O21 | |
| 科图分类: | ||
| 主题词: | 概率论 | |
| 电子资源: | ||
| ISBN: | 7-109-08792-7 | |
| 000 | 00739 nam 000253 | |
| 001 | 012000000643 | |
| 005 | 20070903101436.01 | |
| 010 | @a7-109-08792-7@dCNY15.40 | |
| 100 | @a20070713d2007 em y0chiy0121 ea | |
| 101 | @achi | |
| 102 | @aCN@b110000 | |
| 105 | @ay z 000yy | |
| 200 | 10 | @a概率论与数理统计学习指导书@9gai lv lun yu shu li tong ji xue xi zhi dao shu@f吕振环,冯大光主编@Flv zhen huan , feng da guang zhu bian |
| 205 | @a3版 | |
| 210 | @a北京@c农业出版社@d2007.03 | |
| 215 | @a159页@d23cm | |
| 300 | @a全国高等农业院校教材 | |
| 606 | @a概率论 | |
| 690 | @aO21@v4 | |
| 701 | 1 | @a冯大光@9feng da guang@4主编 |
| 701 | 0 | @a吕振环@9lv zhen huan@4主编 |
| 801 | @aCN@c20070903 | |
| 901 | @a000001 | |
| 905 | @dO21@eL902 | |
| 概率论与数理统计学习指导书/吕振环,冯大光主编.-3版.-北京:农业出版社,2007.03 |
| 159页;23cm |
| 全国高等农业院校教材 |
| ISBN 7-109-08792-7:CNY15.40 |
| ● |
| 相关链接 |
|
|
|
正题名:概率论与数理统计学习指导书
索取号:O21/L902
 
预约/预借
| 序号 | 登录号 | 条形码 | 馆藏地/架位号 | 状态 | 备注 |
| 1 | 641810 | 206418107 | 自科库401/401自科库 46排4列4层/ [索取号:O21/L902] | 在馆 | |
| 2 | 641811 | 206418116 | 自科库401/401自科库 46排4列4层/ [索取号:O21/L902] | 在馆 | |
| 3 | 641812 | 206418125 | 自科库401/401自科库 46排4列4层/ [索取号:O21/L902] | 在馆 |